MAASAI MARA UNIVERSITY

LIBRARY CATALOGUE

Contact Us: +254 020 2685356/7 or 0774 057787

Box: 861-20500, NAROK, KENYA

Email: info@mmarau.ac.ke

Islam / (Record no. 26834)

MARC details
000 -LEADER
fixed length control field 00664pam a2200241 i 4500
001 - CONTROL NUMBER
control field 2739372
003 - CONTROL NUMBER IDENTIFIER
control field OSt
005 - DATE AND TIME OF LATEST TRANSACTION
control field 20221019031907.0
008 - FIXED-LENGTH DATA ELEMENTS--GENERAL INFORMATION
fixed length control field 790111s1979 ilu b 001 0 eng
010 ## - LIBRARY OF CONGRESS CONTROL NUMBER
LC control number 78068547
020 ## - INTERNATIONAL STANDARD BOOK NUMBER
International Standard Book Number 0226702804.
-- 0226702812
040 ## - CATALOGING SOURCE
Original cataloging agency MMU
Transcribing agency MMU
Modifying agency MMU
Language of cataloging eng
050 00 - LIBRARY OF CONGRESS CALL NUMBER
Classification number BP161.2
Item number .R29 1979
082 00 - DEWEY DECIMAL CLASSIFICATION NUMBER
Classification number 297
100 1# - MAIN ENTRY--PERSONAL NAME
Personal name Rahman, Fazlur,
Dates associated with a name 1919-1988.
245 10 - TITLE STATEMENT
Title Islam /
Statement of responsibility, etc. Fazlur Rahman.
250 ## - EDITION STATEMENT
Edition statement 2d ed.
260 ## - PUBLICATION, DISTRIBUTION, ETC. (IMPRINT)
Place of publication, distribution, etc. Chicago :
Name of publisher, distributor, etc. University of Chicago Press,
Date of publication, distribution, etc. 1979.
300 ## - PHYSICAL DESCRIPTION
Extent ix, 285 p. ;
Dimensions 24 cm.
500 ## - GENERAL NOTE
General note Includes Bibliography: p. 275-279 and index.
650 #0 - SUBJECT ADDED ENTRY--TOPICAL TERM
Topical term or geographic name as entry element Islam.
942 ## - ADDED ENTRY ELEMENTS (KOHA)
Source of classification or shelving scheme Library of Congress Classification
Koha item type L
Edition 2nd ed.
Holdings
Withdrawn status Lost status Source of classification or shelving scheme Damaged status Not for loan Home library Current library Date acquired Source of acquisition Total Checkouts Full call number Barcode Date last seen Price effective from Koha item type
    Library of Congress Classification     Maasai Mara University Library -Main Campus Maasai Mara University Library -Main Campus 04/04/2017 Donation-T4C   BP161.2.R29 1979 17030609 04/04/2017 04/04/2017 L
© 2016 Maasai Mara University.